| 000 | 00630nam a22002057a 4500 | ||
|---|---|---|---|
| 999 |
_c9556 _d9556 |
||
| 003 | AR-CdUCM | ||
| 008 | 190328b ||||| |||| 00| 0 spa d | ||
| 040 |
_aMUNICIPALIDAD PROVINCIAL DEL CUSCO _cBIBLIOTECA MUNICIPAL DEL CUSCO |
||
| 082 |
_aC / 985.033 / _bG55 _22ed. |
||
| 100 |
_aGlave, Luis Miguel _918558 |
||
| 245 | _aLa rebelión de Tupac Amaru 1780 / | ||
| 260 |
_aCusco : _bCBC, _c1982. |
||
| 300 |
_a23 páginas ; _c21 cm. |
||
| 440 |
_aCuaderno de capacitación campesina _n5 _925830 |
||
| 650 |
_aTupac Amaru. _9623 |
||
| 650 |
_aHistoria. _9136 |
||
| 650 |
_aIndependencia. _9625 |
||
| 942 |
_2ddc _cLIBROS |
||
| 945 | _awfj | ||